LEADER 01265nam a2200289 a 4500 001 000000133323 003 CaOOAMICUS 005 20130326125742.0 008 130326s1961 it u0000u ita r 040 $aPUL$bita 041 1 $aita$hger 100 1 $aHusserl, Edmund,$d1859-1938.$0(OLS)http://pul/name/10441 245 10$aLogica, psicologia, filosofia :$bun'introduzione alla fenomenologia /$cEdmund Husserl ; pagine dalle opere di logica tradotte e presentate a cura di Aldo Masullo. 260 $aNapoli :$bIl tripode,$c1961. 300 $a140 p. ;$c22 cm. 490 1 $aClassici di filosofia e pedagogia 504 $aBibliografia nelle note. 650 4$aFenomenologia$xStudi.$0(OLS)http://pul/subject/39462 700 1 $aMasullo, Aldo,$d1923-$0(OLS)http://pul/name/40610 830 0$aClassici di filosofia e pedagogia.$0(OLS)http://pul/title/106782 850 $aPUL 852 $aPUL$W1$xDP1 Fondo E. Rossi$y115$m1 H 69$j153224$qFondi$B152775$CPULBib$Z2$F152775 $82 941 1 $a1 961 $aSul dorso collocazione ms. di E. Rossi: H 33 996 $6245$aLogica, psicologia, filosofia :$bun'introduzione alla fenomenologia$9(OLS)http://pul/title/168479 996 $6260$aNapoli :$bIl tripode$9(OLS)http://pul/publisher/68847 LEADER 01146nam a2200265 a 4500 001 000000154079 003 CaOOAMICUS 005 20160919160501.0 008 160919s2003 it 000 u ita r 020 $a88-7000-384-1* 032 $aLibriCat 040 $aPUL$bita 100 1 $aVannicelli, Luigi,$d1934-$0(OLS)http://pul/name/37328 245 10$aObiezione di coscienza militare negli ordinamenti europei ed extraeuropei :$bun confronto aggiornato /$cLuigi Vannicelli. 260 $aModena :$bMucchi,$c©2003. 300 $a200 p. ; $c24 cm. 504 $aBibliografia in nota a pič pagina. 650 4$aObiezione di coscienza.$0(OLS)http://pul/subject/9213 850 $aPUL 852 $aPUL$W1$xDP1 Fondo G. Barberini$y122$m4 D 86$j177093$qFondi$B180056$CPULBib$Z2$F180056 $HBar1556 $81 941 1 $a1 996 $6020$a88-7000-384-1*$9(OLS)http://pul/number/161097 996 $6245$aObiezione di coscienza militare negli ordinamenti europei ed extraeuropei :$bun confronto aggiornato$9(OLS)http://pul/title/193660 996 $6260$aModena :$bMucchi$9(OLS)http://pul/publisher/54428